| 000 | 00403cam a2200169ua 4500 | ||
|---|---|---|---|
| 020 | _c7.00 | ||
| 041 |
_ahin _h |
||
| 082 |
_a891.54 _bVRI/GA |
||
| 100 | _aVrindavan Lal, Varma . | ||
| 245 |
_aGand kunddar / _cVrindavan Lal Varma. _hTextual Documents |
||
| 260 |
_a : _bGanga Pustakamala Karyalay. |
||
| 300 | _a424 ; . | ||
| 365 | _a7.00 | ||
| 504 | _a | ||
| 942 | _cBK | ||
| 999 |
_c8151 _d8151 |
||